Statistics for Países con el Mayor Número de Católicos

Click here to take the quiz!

General Stats

  • This quiz has been taken 549 times
    (530 since last reset)
  • The average score is 15 of 20

Answer Stats

# País % Correct
32.4 MEspaña
98%
125 MBrasil
98%
50.5 MItalia
97%
98.8 MMéxico
97%
40.0 MFrancia
96%
29.8 MArgentina
96%
66.6 MEstados Unidos
94%
36.0 MColombia
92%
22.2 MVenezuela
87%
23.7 MPerú
87%
23.6 MAlemania
85%
13.8 MCanadá
82%
33.0 MPolonia
77%
11.3 MEcuador
73%
81.4 MFilipinas
68%
15.4 MIndia
64%
23.9 MNigeria
53%
28.3 MR. D. Congo
50%
12.2 MTanzania
31%
14.6 MUganda
20%

Score Distribution

Percentile by Number Answered

Percent of People with Each Score

Your Score History

You have not taken this quiz since the last reset